000 00418nam a2200157Ia 4500
008 100122s9999 xx 000 0 und d
082 _b30254
_a823
100 _aबोरके बा भ
245 _aमेघदूत
250 _a0
260 _bश्रीविद्या प्रकाशन
_c1905
300 _a60
630 _aमेघदूत
730 _aमेघदूत
942 _cBOOK
999 _c415207
_d415204